Lisa - Moonlit Floor (Kiss Me) (Lyrics) - Statistics

General Stats
  • This quiz has been taken 25 times
  • The average score is 187 of 298
Answer Stats
Lyrics % Correct
Kiss
100%
kiss
100%
me
100%
the
95%
floor
91%
I
91%
"I
91%
moonlit
86%
So
86%
under
86%
you
86%
boy
82%
French
82%
french
82%
Paris
82%
your
82%
on
73%
On
73%
twilight
73%
just
68%
my
68%
that
68%
that"
68%
to
68%
when
68%
all
64%
do
64%
got
64%
out
64%
How
59%
like,
59%
like
59%
love
59%
Love
59%
those
59%
trippin'
59%
where
59%
know
55%
say
55%
say,
55%
tongue
55%
always
50%
baby,
50%
Baby,
50%
"Bonjour,
50%
eyes
50%
Green-eyed
50%
hear
50%
it
50%
of
50%
tricks?
50%
was
50%
"Damn"
45%
is
45%
is,
45%
kisses
45%
(La-la)
45%
lips
45%
mouth
45%
name
45%
soft
45%
body
41%
'Cause
41%
in
41%
need
41%
skin
41%
accent
36%
fit
36%
loud
36%
off
36%
bebe"
32%
caress
32%
la-la-la
32%
la-la-la)
32%
Ooh
32%
Ooh,
32%
(Ooh
32%
slips
32%
check
27%
get
27%
hit
27%
sky
27%
bag
23%
But
23%
Never
23%
saw
23%
there
23%
back
18%
boys
18%
down,
18%
heard
18%
I'ma
18%
Right
18%
them
18%
Truth
18%
wasn't
18%
Wasn't
18%
before
14%
lace
14%
meet
14%
stats
14%
tryna
14%
break,
9%
Cute
9%
flight
9%
fought
9%
nobody
9%
whip
9%
No matching quizzes found
Score Distribution
Percent of People with Each Score
Percentile by Number Answered
Your Score History
You have not taken this quiz